Interné a externé formy financovania neobežného majetku spoločnosti Dukacso trade, s. r. o. : neobežný majetok bakalárska práca

Gespeichert in:
Bibliographische Detailangaben
1. Verfasser: Katonová, Mária
Körperschaft: Fakulta podnikového manažmentu EU. Katedra podnikovohospodárska
Weitere Verfasser: Matušovič, Martin
Format: Buch
Sprache:Slowakisch
Veröffentlicht: Bratislava 2009
Tags: Tag hinzufügen
Keine Tags, Fügen Sie das erste Tag hinzu!

MARC

LEADER 00000nam$a2200000$$$4500
001 0101977
005 20240319130055.6
041 0 |a slo 
044 |a SK 
245 1 0 |a Interné a externé formy financovania neobežného majetku spoločnosti Dukacso trade, s. r. o. : neobežný majetok  |b bakalárska práca  |c Mária Katonová ; škol. Martin Matušovič 
264 1 |a Bratislava  |c 2009 
300 |a 40 s. 
100 1 |a Katonová, Mária 
700 1 |a Matušovič, Martin 
710 2 |a Fakulta podnikového manažmentu EU. Katedra podnikovohospodárska